[Event "Pavlodar Cup of Akim"]
[Site "Pavlodar"]
[Date "2008.02.21"]
[Round "4"]
[White "Aligozhin, Zhaslan"]
[Black "Grebenschikov, Vladimir"]
[Result "0-1"]
[WhiteElo "2369"]
[BlackElo "2286"]
[PlyCount "73"]
[EventDate "2008.02.10"]
[EventType "tourn"]
[EventRounds "11"]
[EventCountry "KAZ"]
[SourceTitle "EXT 2022"]
[Source "ChessBase"]
[SourceDate "2021.10.06"]
[SourceVersion "1"]
[SourceVersionDate "2021.10.06"]
[SourceQuality "1"]

1. e4 e6 2. d4 d5 3. Nd2 Nc6 4. c3 Nf6 5. e5 Nd7 6. f4 f5 7. Ngf3 Be7 8. Bd3 Nf8 9. 0-0 Ng6 10. Ne1 Bf8 11. Ndf3 h6 12. b4 Qe7 13. a4 Qf7 14. g3 Bd7 15. Ng2 Be7 16. Qc2 Nf8 17. Qb1 a6 18. Ra2 b6 19. Be3 Bc8 20. Raf2 Bd7 21. Ra2 Qh5 22. Qc1 Qf7 23. Nge1 Nh7 24. Rg2 Qh5 25. Qb1 Nf8 26. Rff2 Nd8 27. Qc2 b5 28. a5 g5 29. h3 g4 30. hxg4 Qxg4 31. Nh2 Qg7 32. g4 Qf7 33. Be2 Bh4 34. Rf1 fxg4 35. Nxg4 h5 36. Nf6+ Bxf6 37. exf6 0-1

[Event "Pavlodar Cup of Akim"]
[Site "Pavlodar"]
[Date "2008.02.21"]
[Round "3"]
[White "Lunev, Roman"]
[Black "Aligozhin, Zhaslan"]
[Result "0-1"]
[WhiteElo "2099"]
[BlackElo "2369"]
[PlyCount "87"]
[EventDate "2008.02.10"]
[EventType "tourn"]
[EventRounds "11"]
[EventCountry "KAZ"]
[SourceTitle "EXT 2022"]
[Source "ChessBase"]
[SourceDate "2021.10.06"]
[SourceVersion "1"]
[SourceVersionDate "2021.10.06"]
[SourceQuality "1"]

1. e4 c5 2. Nf3 d6 3. d4 cxd4 4. Nxd4 Nf6 5. Nc3 a6 6. a4 e6 7. Be2 Be7 8. 0-0 0-0 9. Be3 Nc6 10. f4 Qc7 11. Bf3 Rd8 12. Qe2 Nxd4 13. Bxd4 e5 14. fxe5 dxe5 15. Be3 Be6 16. Qf2 Rd7 17. Rad1 Rad8 18. Bb6 Qc4 19. Qe2 Bc5+ 20. Bxc5 Qxc5+ 21. Qf2 Qb4 22. Rxd7 Rxd7 23. Qa7 Rd8 24. Rb1 g6 25. Qe3 Kg7 26. Qg5 Qc5+ 27. Kh1 h6 28. Qg3 Rd2 29. Rc1 Qe3 30. Re1 Qg5 31. Qxg5 hxg5 32. Re2 Rd4 33. g3 g4 34. Bg2 Bc4 35. Rf2 b5 36. axb5 axb5 37. b4 Be6 38. Nxb5 Rxb4 39. Nc3 Rc4 40. Nd1 Nxe4 41. Re2 Rd4 42. Bxe4 Rxd1+ 43. Kg2 f5 44. Bb7 0-1

[Event "Pavlodar op"]
[Site "Pavlodar"]
[Date "2007.12.21"]
[Round "8"]
[White "Aligozhin, Zhaslan"]
[Black "Pak, Yevgeniy"]
[Result "0-1"]
[WhiteElo "2360"]
[BlackElo "2184"]
[PlyCount "99"]
[EventDate "2007.12.16"]
[EventType "swiss"]
[EventRounds "11"]
[EventCountry "KAZ"]
[SourceTitle "CBM 122 Extra"]
[Source "ChessBase"]
[SourceDate "2008.03.04"]
[SourceVersion "1"]
[SourceVersionDate "2008.03.04"]
[SourceQuality "1"]

1. e4 c5 2. c3 Nf6 3. e5 Nd5 4. Nf3 e6 5. d4 cxd4 6. Qxd4 Nc6 7. Qe4 Be7 8. Nbd2 d6 9. exd6 Qxd6 10. Nc4 Qd8 11. Bd3 Nf6 12. Qe2 Qc7 13. Bg5 b5 14. Nce5 Nxe5 15. Qxe5 Qxe5+ 16. Nxe5 Nd7 17. Nf3 a6 18. Be4 Ra7 19. 0-0-0 Bxg5+ 20. Nxg5 h6 21. Nf3 Rc7 22. Rd4 Nf6 23. Rhd1 0-0 24. Bc2 Bb7 25. Kb1 Rc5 26. Ne1 Re8 27. g3 Kf8 28. Nd3 Rd5 29. Rxd5 Bxd5 30. Ne5 Rc8 31. Rd4 Ke7 32. a4 Ne8 33. axb5 axb5 34. f4 Nd6 35. Rd1 Nc4 36. Nd3 g5 37. Re1 Nd2+ 38. Kc1 Nf3 39. Re2 Ra8 40. Kb1 Ba2+ 41. Kc1 Bd5 42. Kb1 gxf4 43. gxf4 Rg8 44. b3 Rg1+ 45. Kb2 Rh1 46. Ne5 Nxe5 47. fxe5 h5 48. Bd3 h4 49. Bxb5 h3 50. c4 0-1

[Event "Pavlodar-ch School"]
[Site "Pavlodar"]
[Date "2007.09.07"]
[Round "3"]
[White "Lozhnikov, Vyacheslav"]
[Black "Aligozhin, Zhaslan"]
[Result "1-0"]
[WhiteElo "2188"]
[BlackElo "2342"]
[PlyCount "51"]
[EventDate "2007.09.05"]
[EventType "tourn"]
[EventRounds "11"]
[EventCountry "KAZ"]
[SourceTitle "EXT 2022"]
[Source "ChessBase"]
[SourceDate "2021.10.06"]
[SourceVersion "1"]
[SourceVersionDate "2021.10.06"]
[SourceQuality "1"]

1. e4 c6 2. d4 d5 3. e5 g6 4. c4 Nh6 5. Nc3 dxc4 6. Bxc4 Bg7 7. Bf4 0-0 8. Qd2 Nf5 9. Nf3 e6 10. Ne4 h6 11. h4 h5 12. Bg5 Qb6 13. Nf6+ Bxf6 14. Bxf6 Nd7 15. 0-0-0 c5 16. Bd3 Nxf6 17. exf6 cxd4 18. Kb1 Re8 19. Qg5 e5 20. g4 e4 21. Bc4 Re6 22. Bxe6 Bxe6 23. gxf5 Bxf5 24. Nxd4 Bg4 25. Rd2 a5 26. Rc1 1-0